书目信息 |
| 题名: |
世界上古史
|
|
| 作者: | 刘家和 主编 | |
| 分册: | ||
| 出版信息: | 长春 吉林人民出版社 1987.6 |
|
| 页数: | 490页 | |
| 开本: | 20cm | |
| 丛书名: | ||
| 单 册: | ||
| 中图分类: | K11 | |
| 科图分类: | ||
| 主题词: | 世界史:上古史 | |
| 电子资源: | ||
| ISBN: | ||
| 000 | 00545nam0 2200205 45 | |
| 001 | 0312221749 | |
| 005 | 20050415113850.6 | |
| 010 | @dCNY3.10 | |
| 100 | @a20031222d1987 km y0chiy0120 ea | |
| 101 | @achi | |
| 105 | @a z 000yy | |
| 200 | 1 | @a世界上古史@AShi Jie Shang Gu Shi@f刘家和主编@FLiu Jia He Zhu Bian |
| 205 | @a修订本 | |
| 210 | @a长春@c吉林人民出版社@d1987.6 | |
| 215 | @a490页@c冠图@d20cm | |
| 606 | 0 | @a世界史:上古史 |
| 690 | @aK11@v3 | |
| 701 | 0 | @a刘家和@4主编 |
| 801 | @aCN@bTSTCL@c20031222 | |
| 905 | @dK11@e35=3@b206112@f1 | |
| 世界上古史/刘家和主编.-修订本.-长春:吉林人民出版社,1987.6 |
| 490页:冠图;20cm |
| ISBN :CNY3.10 |
| ● |
| 相关链接 |
|
|
|
|
正题名:世界上古史
索取号:K11/35=3
 
预约/预借
| 序号 | 登录号 | 条形码 | 馆藏地/架位号 | 状态 | 备注 |
| 1 | 0206109 | 001219416 | 密集书库/ [索取号:K11/35=3] | 在馆 | |
| 2 | 0206110 | 001219461 | 密集书库/ [索取号:K11/35=3] | 在馆 | |
| 3 | 0206111 | 001219425 | 密集书库/ [索取号:K11/35=3] | 在馆 | |
| 4 | 0206112 | 001985463 | 密集书库/ [索取号:K11/35=3] | 在馆 | |
| 5 | 0206113 | 202112597 | 第二样本阅览室/ [索取号:K11/35=3] | 在馆 |